Pharmacology / (Record no. 294957)
[ view plain ]
| 000 -LEADER | |
|---|---|
| fixed length control field | 00810nam a2200289 a 4500 |
| 001 - CONTROL NUMBER | |
| control field | d |
| 003 - CONTROL NUMBER IDENTIFIER | |
| control field | Ost |
| 005 - DATE AND TIME OF LATEST TRANSACTION | |
| control field | 20160524153903.0 |
| 008 - FIXED-LENGTH DATA ELEMENTS--GENERAL INFORMATION | |
| fixed length control field | 041019s19uu xx 00 eng d |
| 020 ## - INTERNATIONAL STANDARD BOOK NUMBER | |
| International Standard Book Number | 9789814371506 |
| 050 ## - LIBRARY OF CONGRESS CALL NUMBER | |
| Classification number | RM 137 |
| Item number | .R196 2015 |
| 100 ## - MAIN ENTRY--PERSONAL NAME | |
| Personal name | Rang, H.P. |
| 245 #0 - TITLE STATEMENT | |
| Title | Pharmacology / |
| Statement of responsibility, etc | H. P Rang, M.M. Dale, J.M. Ritter, R.J. Flower, G. Henderson. |
| 260 ## - PUBLICATION, DISTRIBUTION, ETC. (IMPRINT) | |
| Place of publication, distribution, etc | Edinburgh : |
| Name of publisher, distributor, etc | Churchill Livingstone, |
| Date of publication, distribution, etc | 2002. |
| 300 ## - PHYSICAL DESCRIPTION | |
| Extent | xxii, 791 pages : |
| Other physical details | color illustrations ; |
| Dimensions | 28 cm. |
| 500 ## - GENERAL NOTE | |
| General note | Includes bibliogaphical references and index. |
| 650 ## - SUBJECT ADDED ENTRY--TOPICAL TERM | |
| Topical term or geographic name as entry element | Pharmacology. |
| 650 ## - SUBJECT ADDED ENTRY--TOPICAL TERM | |
| Topical term or geographic name as entry element | Drugs. |
| 650 ## - SUBJECT ADDED ENTRY--TOPICAL TERM | |
| Topical term or geographic name as entry element | Nursing. |
| 650 ## - SUBJECT ADDED ENTRY--TOPICAL TERM | |
| Topical term or geographic name as entry element | Pharmacology |
| General subdivision | Nursing texts. |
| 700 ## - ADDED ENTRY--PERSONAL NAME | |
| Personal name | Dale, M.M. |
| 700 ## - ADDED ENTRY--PERSONAL NAME | |
| Personal name | Ritter, J.M. |
| 942 ## - ADDED ENTRY ELEMENTS (KOHA) | |
| Koha item type | Books |
| Source of classification or shelving scheme | Library of Congress Classification |
| Withdrawn status | Lost status | Source of classification or shelving scheme | Damaged status | Home library | Current library | Shelving location | Date acquired | Source of acquisition | Sub Shelving location | Total Checkouts | Full call number | Barcode | Date last seen | Date checked out | Price effective from | Koha item type |
|---|---|---|---|---|---|---|---|---|---|---|---|---|---|---|---|---|
| Library of Congress Classification | South SEED-LPDH College Library | South SEED-LPDH College Library | South SEED-LPDH College Section | 05/24/2016 | Library Fund | 4 | RM 137 .R196 2015 | SSLC1453 | 11/03/2022 | 10/27/2022 | 05/24/2016 | Books |